| 000 | 01927nam a22002417a 4500 | ||
|---|---|---|---|
| 003 | Uzh_bibl | ||
| 008 | 260323b |||||||| |||| 00| 0 ukr d | ||
| 020 |
_a978-617-8390-86-0 _c70.00 |
||
| 040 | _bукр. | ||
| 041 |
_2ukr _aukr |
||
| 080 | _a821(477.87) | ||
| 090 |
_a821(477.87) _bМ 83 |
||
| 100 | _aМороляк,Тетяна | ||
| 245 |
_aХроніки незламності _hТекст |
||
| 260 |
_aУжгород _bРІК-У _c2025 |
||
| 300 | _a128 с. | ||
| 520 | _aбірка поезій, що вийшла цьогоріч у видавництві «РІК-У», стала третьою в доробку ужгородської авторки після презентованих раніше книг інтимної лірики «Зсередини» й «Аорта». У новому виданні Тетяни Мороляк – роздуми про війну, про людей, яких вона змінює, про ціну свободи та справжню суть людяності. «Кожен рядок – це частина реальності, в якій ми всі опинилися. Це історія тих, хто залишився боротися, і тих, кого більше немає. Це роздуми про те, як війна розкриває найкраще й найгірше в людях, як народжується героїзм, а жорстокість не має меж. Це розповідь про віру в перемогу, яка живе в кожному українцеві, і про любов, що сильніша за смерть», – ідеться в | ||
| 521 | _aДля широкого кола читачів | ||
| 546 | _aукр. | ||
| 650 |
_aКраєзнавча література _vЛітературно-художне видання |
||
| 655 | _vвірші | ||
| 942 |
_2udc _cBK |
||
| 999 |
_c17164 _d17164 |
||